[Event "Sao Paulo-chT"]
[Site "Sao Paulo"]
[Date "2019.03.09"]
[Round "5.3"]
[White "Chiaramitara, Pedro Jr"]
[Black "Dos Santos, Marcelo Miguel Rodr"]
[Result "1-0"]
[WhiteElo "2064"]
[BlackElo "1600"]
[PlyCount "55"]
[EventDate "2019.02.23"]
[EventType "team-tourn"]
[EventRounds "7"]
[EventCountry "BRA"]
[SourceTitle "CBM 189 Extra"]
[Source "ChessBase"]
[SourceDate "2019.06.03"]
[SourceVersion "1"]
[SourceVersionDate "2019.06.03"]
[SourceQuality "1"]
[WhiteTeam "Espaco Xadrez Total"]
[BlackTeam "Sao Jose Taimanov"]
[WhiteTeamCountry "BRA"]
[BlackTeamCountry "BRA"]

1. e4 Nf6 2. e5 Nd5 3. c4 Nb6 4. c5 Nd5 5. Bc4 e6 6. Nc3 Nxc3 7. bxc3 Bxc5 8. d4 Be7 9. Qg4 g6 10. Bh6 c5 11. Nf3 cxd4 12. cxd4 Bb4+ 13. Nd2 Qc7 14. Bb3 Qa5 15. Rd1 Qb5 16. Rc1 Nc6 17. Rc4 Na5 18. Rxb4 Qxb4 19. 0-0 Nc6 20. Nc4 Kd8 21. Bd2 Qf8 22. Nd6 Kc7 23. Rc1 Kb8 24. Ba4 b6 25. Qe4 f5 26. exf6 Qxd6 27. Bf4 e5 28. Rxc6 1-0